000 00973nac a22002897a 4500
001 BR9506486
003 BR-BrBNA
005 20240105121621.0
008 230509b bl.|||m| |||| 00| 0 por d
040 _aBR-BrBNA
_bpor
_cBiblioteca Nacional de Agricultura
072 _aF30; F01
090 _a0336 BR9506486
100 1 _aMiranda, M.A.C.
100 1 _aDiehl, S.R.L.
100 1 _aInterliche, P.H.
110 1 _aCoordenadoria de Assistencia Tecnica Integral, Campinas, SP (Brasil)
245 1 _aSoja: recomendacoes de cultivares e epocas de plantio para o Estado de Sao Paulo - ano agricola 94/95
260 3 _aCampinas, SP (Brasil):
_c1994.
300 _a4 p.
490 _aComunicado Tecnico - Coordenadoria de Assistencia Tecnica Integral (Brazil)
_vno. 120
_xISSN 0100-3607
650 _aSoja
650 _aVariedade
650 _aEpoca de Plantio
650 _aSao Paulo
909 _a202312
_bLúcia Elande
_c55
_dLúcia Elande
942 _2AGRIS
_n0
_cMS
999 _c286372
_d286372